000 00467nam a2200205Ia 4500
001 13499
003 GE_BSU
008 181216s||||||||xx |||||||||||||| ||und||
020 _a0752580191
040 _cGE_BSU
080 _a636.1
100 _aPickeral,Tamsin
245 4 _aThe Encyclopedia of Horses Ponies
260 _aDubai
260 _bParragon
260 _c1999
300 _a384p.ill.24cm.
653 _aThe Encyclopedia of Horses Ponies
942 _cBK
999 _c46658
_d46658